000 00395nam a22001451a 4500
082 _aM2
_bCHE/I
100 _aChellappan Nair N P
245 _aIbileesukalude naattil/
_cby Chellappan Nair N P
260 _aKottayam|:
_bSahitya Pravartaka Co-operative Society,
_c1993.
300 _a136p.
650 _aDrama Malayalam
650 _aLiterature Malayalam
650 _aLiterature
942 _cBK
999 _c18909
_d18909